Novo curso de direito civil / (Record no. 579)

MARC details
000 -LÍDER
Campo Fixo de Controle 00938nam a2200289 a 4500
001 - NÚMERO DE CONTROLE
Campo de Controle 579
003 - IDENTIFICAÇÃO DO NÚMERO DE CONTROLE
Campo de Controle BR-CuiBMT
005 - DATA E HORA DA ÚLTIMA ATUALIZAÇÃO
Campo de Controle 20231129143259.0
008 - DADOS FIXOS
Dados Fixos 231109s2006 spb 000 0 por d
020 ## - INTERNATIONAL STANDARD BOOK NUMBER
Nº do ISBN 8502057375 (v. 4, t. 1)
040 ## - AGÊNCIA CATALOGADORA
Código da Agência Catalogadora BR-CuiBMT
Agência que transcreveu o registro BR-CuiBMT
080 ## - Nº DA CLASSIFICAÇÃO DECIMAL UNIVERSAL
Nº edição CDU 2007
Nº Class. CDU 347
090 ## - NÚMERO DE CHAMADA
Nº classificação 347
Cutter G135n
Ano/Edição 2. ed.
100 1# - ENTRADA PRINCIPAL -- AUTOR PESSOAL
Nome pessoal Gagliano, Pablo Stolze
245 10 - TÍTULO PRINCIPAL
Título principal Novo curso de direito civil /
Indicação de responsabilidade Pablo Stolze Gagliano, Rodolfo Pamplona Filho.
250 ## - EDIÇÃO
Edição 2. ed., rev., atual. e reform.
260 ## - PUBLICAÇÃO, DISTRIBUIÇÃO, ETC.
Local de publicação São Paulo :
Editora Saraiva,
Data 2006
300 ## - DESCRIÇÃO FÍSICA
N. páginas ou volumes v. ;
Dimensões 23 cm
500 ## - NOTAS GERAIS
Notas gerais Abrangendo os códigos civis de 1916 e 2002.
504 ## - NOTA DE BIBLIOGRAFIA, ETC.
Nota de bibliografia Inclui bibliografia.
505 1# - NOTA DE CONTEÚDO
Nota de conteúdo v. 4. Contratos - t. 1. Parte geral
590 ## - NOTA LOCAL
Nota local A Biblioteca possui somente o tomo 1 do volume 4.
650 ## - ASSUNTO TÓPICO
Cabeçalho tópico ou nome geográfico Direito civil
Subdivisão de forma Legislação
Subdivisão geográfica Brasil
650 ## - ASSUNTO TÓPICO
Cabeçalho tópico ou nome geográfico Contratos (Direito civil)
700 1# - ENTRADA SECUNDÁRIA -- NOME PESSOAL
Nome pessoal Pamplona Filho, Rodolfo
942 ## - ELEMENTOS DE ENTRADA ADICIONAIS (KOHA)
Fonte de classificação ou esquema de arquivamento Classificação Decimal Universal
Tipo de item do Koha Livros
Holdings
Estado: removido Estado: perdido Fonte de classificação ou esquema de arquivamento Estado: danificado Indisponível para empréstimo Localização permanente Localização atual Data de aquisição Numeração serial ou cronológica (Volume) Total Checkouts Número de Chamada completo Código de barras Date last seen Número do exemplar Preço efetivo a partir de Tipo de item (Koha)
    Classificação Decimal Universal     Biblioteca da Escola Superior de Contas do TCE/MT Biblioteca da Escola Superior de Contas do TCE/MT 09/11/2023 v. 4, t. 1   347 G135n 2. ed. BIBTCEMT23110383 09/11/2023 Ex. 1 09/11/2023 Livros

Powered by Koha